000 00347nam a22001577a 4500
003 SGT
020 _a978-81-312-3322-1
082 _a615.19, H14A
100 _aALAGARSAMY, V.
245 _aTEXT BOOK OF MEDICINAL CHEMISTRY-II
250 _a2ND
260 _aDELHI
_bELSEVIER
_c2014
300 _a568
650 _aCHEMISTRY
942 _2ddc
_cBK
_076
999 _c8152
_d8152